000 00811nam a2200277 a 4500
001 3344079
003 OSt
005 20140310181633.0
008 851118s1985 cau 000 0 eng
010 _a 85230166
040 _aDLC
_cDLC
_dDLC
050 0 0 _aBV 652.1
_b.M216 1985
082 0 0 _aTR 253.19
_bM28 1985
100 1 _aMahoney, Ralph.
245 1 4 _aThe making of a leader /
_c[by Ralph Mahoney].
260 _aBurbank, CA :
_bWorld Missionary Assistance Plan,
_cc1985.
300 _a218 p. ;
_c21 cm.
520 _a1. Christian leadership.
521 _aFaculty
541 _j1
562 _eFor circulation. 1 copy in the collection
600 1 0 _aMahoney, Ralph.
650 0 _aChristian leadership.
906 _a7
_bcbc
_corignew
_d3
_encip
_f19
_gy-gencatlg
942 _2lcc
_cBK-TR
_kTR
999 _c580
_d580